Parusia Siamo tutti non-conformi
Na minha lista:
| Autor principal: | |
|---|---|
| Formato: | Livro |
| Idioma: | inglês |
| Publicado em: |
Torrazza PIemonte
Lux Lab
2023
|
| Tags: |
Sem tags, seja o primeiro a adicionar uma tag!
|
MARC
| LEADER | 00000nam a2200000 4500 | ||
|---|---|---|---|
| 003 | vda | ||
| 005 | 20250812111740.0 | ||
| 008 | 250812b |||||||| |||| 00| 0 eng d | ||
| 020 | |a 9791281525221 | ||
| 040 | |c Arcigay Queer VdA | ||
| 100 | |a LZ, Enys | ||
| 245 | |a Parusia |b Siamo tutti non-conformi | ||
| 260 | |a Torrazza PIemonte |b Lux Lab |c 2023 | ||
| 500 | |a Quattordici anni dopo l’avvento di una nuova messia, il governo degli Stati Uniti non esiste più. Al suo posto, un’Oligarchia ha lanciato un messaggio molto chiaro: chiunque non corrisponda al modello prestabilito è un non-conforme, un criminale. Come Nate, omosessuale, o Angie, attivista informatica. L’unica speranza sembra essere WISH, l’impenetrabile collettivo di resistenza che li osserva e li guida da lontano, e che sa più di quanto afferma. Quando Nate incontra Ethan, un agente nemico, non può sapere che salvargli la vita darà a entrambi una nuova ragione per continuare a lottare. | ||
| 942 | |2 ddc |c BK |n 0 | ||
| 952 | |0 0 |1 0 |2 ddc |4 0 |6 853_914000000000000_LZE_PAR |7 0 |9 9522 |a AO |b AO |d 2025-08-12 |l 0 |o 853.914 LZE PAR |p 11555 |r 2025-08-12 11:18:11 |w 2025-08-12 |x Donato dal collettivo Lux Lab |y BK | ||
| 999 | |c 7935 |d 7935 | ||